Decision Support System: (Record no. 527892)
[ view plain ]
| 000 -LEADER | |
|---|---|
| fixed length control field | 00490nam a22001577a 4500 |
| 082 ## - DEWEY DECIMAL CLASSIFICATION NUMBER | |
| Classification number | 658 |
| 100 ## - MAIN ENTRY--PERSONAL NAME | |
| Personal name | Gull, Rabia |
| 245 ## - TITLE STATEMENT | |
| Title | Decision Support System: |
| Remainder of title | Making Decisions Effective in the public Sector of Pakistan / |
| Statement of responsibility, etc. | Rabia Gull. |
| 260 ## - PUBLICATION, DISTRIBUTION, ETC. | |
| Place of publication, distribution, etc. | Islamabad: |
| Name of publisher, distributor, etc. | NBS - NUST, |
| Date of publication, distribution, etc. | 2013. |
| 300 ## - PHYSICAL DESCRIPTION | |
| Extent | 57 p.: ill.; |
| Dimensions | 30cm. |
| 942 ## - ADDED ENTRY ELEMENTS (KOHA) | |
| Source of classification or shelving scheme | |
| Koha item type | Thesis |
| 650 ## - SUBJECT ADDED ENTRY--TOPICAL TERM | |
| Topical term or geographic name entry element | MBA Thesis. |
| 700 ## - ADDED ENTRY--PERSONAL NAME | |
| Personal name | Kamran Khalid. |
| 650 ## - SUBJECT ADDED ENTRY--TOPICAL TERM | |
| -- | 17629 |
| 700 ## - ADDED ENTRY--PERSONAL NAME | |
| -- | 18195 |
| Withdrawn status | Lost status | Source of classification or shelving scheme | Damaged status | Not for loan | Permanent Location | Current Location | Shelving location | Date acquired | Full call number | Barcode | Date last seen | Price effective from | Koha item type |
|---|---|---|---|---|---|---|---|---|---|---|---|---|---|
| Central Library (CL) | Central Library (CL) | Thesis | 08/20/2019 | 658 | CL-T-2345 | 08/20/2019 | 08/20/2019 | Thesis |
